<?xml version="1.0" encoding="UTF-8"?>
<record
    xmlns:xsi="http://www.w3.org/2001/XMLSchema-instance"
    xsi:schemaLocation="http://www.loc.gov/MARC21/slim http://www.loc.gov/standards/marcxml/schema/MARC21slim.xsd"
    xmlns="http://www.loc.gov/MARC21/slim">

  <leader>00638nam a2200193 i 4500</leader>
  <controlfield tag="001">C00007002c</controlfield>
  <controlfield tag="005">20241029142751.0</controlfield>
  <controlfield tag="008">940908s1970    sp f          001 0 spa d</controlfield>
  <datafield tag="080" ind1=" " ind2=" ">
    <subfield code="a">726.54(461.13 B&#xF3;veda) Sta. Eulalia</subfield>
  </datafield>
  <datafield tag="100" ind1="1" ind2=" ">
    <subfield code="a">Fern&#xE1;ndez de la Vega, Celestino.</subfield>
    <subfield code="9">5362</subfield>
  </datafield>
  <datafield tag="245" ind1="1" ind2="3">
    <subfield code="a">El enigma de Santa Eulalia de B&#xF3;veda / </subfield>
    <subfield code="c">Celestino Fern&#xE1;ndez de la Vega.</subfield>
  </datafield>
  <datafield tag="260" ind1=" " ind2=" ">
    <subfield code="a">Lugo : </subfield>
    <subfield code="b">Gr&#xE1;ficas Bao, </subfield>
    <subfield code="c">1970.</subfield>
  </datafield>
  <datafield tag="300" ind1=" " ind2=" ">
    <subfield code="a">[12] p., II h. de l&#xE1;m. col. ; </subfield>
    <subfield code="c">24 cm.</subfield>
  </datafield>
  <datafield tag="650" ind1=" " ind2="4">
    <subfield code="a">Iglesia de Santa Eulalia (B&#xF3;veda, Espa&#xF1;a)</subfield>
    <subfield code="9">5363</subfield>
  </datafield>
  <datafield tag="651" ind1=" " ind2="4">
    <subfield code="a">B&#xF3;veda (Lugo, Espa&#xF1;a)</subfield>
    <subfield code="9">5364</subfield>
  </datafield>
  <datafield tag="852" ind1=" " ind2=" ">
    <subfield code="j">F-2829</subfield>
  </datafield>
  <datafield tag="952" ind1=" " ind2=" ">
    <subfield code="0">0</subfield>
    <subfield code="1">0</subfield>
    <subfield code="4">0</subfield>
    <subfield code="7">0</subfield>
    <subfield code="8">NOR</subfield>
    <subfield code="a">RABASF</subfield>
    <subfield code="b">RABASF</subfield>
    <subfield code="c">DP1</subfield>
    <subfield code="d">1994-09-08</subfield>
    <subfield code="e">D</subfield>
    <subfield code="l">0</subfield>
    <subfield code="o">F-2829</subfield>
    <subfield code="p">1007714</subfield>
    <subfield code="r">2024-10-15 09:05:50</subfield>
    <subfield code="w">2024-10-15</subfield>
    <subfield code="y">FONDOMODER</subfield>
  </datafield>
  <datafield tag="999" ind1=" " ind2=" ">
    <subfield code="c">6916</subfield>
    <subfield code="d">6916</subfield>
  </datafield>
</record>
